[Event "Roquetas de Mar op 35th"]
[Site "Roquetas de Mar"]
[Date "2024.01.05"]
[Round "6"]
[White "Espinosa Aranda, Angel"]
[Black "Habans Aguerrea, Javier"]
[Result "1/2-1/2"]
[WhiteElo "2431"]
[BlackElo "2368"]
[PlyCount "58"]
[EventDate "2024.01.02"]
[EventType "swiss"]
[EventRounds "9"]
[EventCountry "ESP"]
[SourceTitle "CB02_2024"]
[SourceDate "2024.01.10"]
[SourceVersion "1"]
[SourceVersionDate "2024.01.10"]
[SourceQuality "1"]

1. e4 c6 2. Nc3 d5 3. d4 dxe4 4. Nxe4 Nf6 5. Nxf6+ exf6 6. c3 Bd6 7. Bd3 0-0 8. Qc2 Re8+ 9. Ne2 h5 10. 0-0 h4 11. Nf4 Nd7 12. Qd1 Nf8 13. Qh5 Bxf4 14. Bxf4 h3 15. gxh3 Qd5 16. Qxd5 cxd5 17. Rfe1 Bxh3 18. f3 Bd7 19. Kf2 g6 20. Rxe8 Rxe8 21. a4 a6 22. c4 Bc6 23. c5 Ne6 24. Be3 f5 25. f4 a5 26. b3 Kg7 27. Bd2 f6 28. Be3 Rh8 29. Kg3 Re8 1/2-1/2

[Event "Iberoamerican-ch Rapid"]
[Site "Sant Boi"]
[Date "2023.12.09"]
[Round "8"]
[White "Alonso Rosell, Alvar"]
[Black "Habans Aguerrea, Javier"]
[Result "1/2-1/2"]
[WhiteElo "2566"]
[BlackElo "2359"]
[PlyCount "132"]
[EventDate "2023.12.09"]
[EventType "swiss (rapid)"]
[EventRounds "9"]
[EventCountry "ESP"]
[SourceTitle "CB50_2023"]
[SourceDate "2023.12.13"]
[SourceVersion "1"]
[SourceVersionDate "2023.12.13"]
[SourceQuality "1"]

1. d4 Nf6 2. Nf3 d5 3. Bf4 c5 4. e3 Nc6 5. Nbd2 cxd4 6. exd4 Bf5 7. c3 e6 8. Be2 Bd6 9. Bxd6 Qxd6 10. 0-0 h6 11. Re1 0-0 12. a4 a6 13. a5 Qc7 14. b4 Bh7 15. Nb3 Ne4 16. Rc1 Rad8 17. Bd3 Rfe8 18. Qc2 f5 19. Qa2 Ra8 20. Qa4 Bg6 21. c4 dxc4 22. Bxc4 Qf4 23. b5 axb5 24. Bxb5 Bh5 25. Re3 Rec8 26. Bxc6 bxc6 27. g3 Qd6 28. Ne5 c5 29. Nxc5 Rxc5 30. Rxc5 Nxc5 31. dxc5 Qxc5 32. Qd7 Ra6 33. Nd3 Qxa5 34. Rxe6 Rxe6 35. Qxe6+ Bf7 36. Qc8+ Kh7 37. Nf4 Qe1+ 38. Kg2 Qe4+ 39. f3 Qe5 40. Qc2 Be8 41. Qe2 Qxe2+ 42. Nxe2 Kg6 43. f4 Kf6 44. Nd4 Bd7 45. Kf3 Bc8 46. Ke3 Ba6 47. Nc6 Bb5 48. Nb4 g5 49. Nd5+ Kf7 50. Kd4 gxf4 51. gxf4 Kg6 52. Ke5 Bd3 53. Nf6 Bc2 54. h4 Bd3 55. Ke6 Bc4+ 56. Ke7 Be2 57. Ke6 Bc4+ 58. Ke5 Bd3 59. h5+ Kf7 60. Nd5 Be2 61. Ne3 Bxh5 62. Nxf5 Kg6 63. Ng3 Bg4 64. f5+ Bxf5 65. Nxf5 Kg5 66. Nxh6 Kxh6 1/2-1/2

[Event "Sant Boi de Llobregat op 4th"]
[Site "Sant Boi de Llobregat"]
[Date "2023.12.01"]
[Round "2"]
[White "Habans Aguerrea, Javier"]
[Black "Shirov, Alexei"]
[Result "1/2-1/2"]
[WhiteElo "2345"]
[BlackElo "2668"]
[PlyCount "150"]
[EventDate "2023.11.30"]
[EventType "swiss"]
[EventRounds "9"]
[EventCountry "ESP"]
[SourceTitle "CB50_2023"]
[SourceDate "2023.12.13"]
[SourceVersion "1"]
[SourceVersionDate "2023.12.13"]
[SourceQuality "1"]

1. c4 e5 2. Nc3 Bb4 3. Nd5 Be7 4. d4 d6 5. e4 Nf6 6. Nxe7 Qxe7 7. f3 exd4 8. Qxd4 Nc6 9. Qc3 0-0 10. Ne2 Ne8 11. Nf4 f5 12. Nd5 Qe6 13. Bd3 Ne5 14. 0-0 Nxd3 15. Qxd3 fxe4 16. fxe4 Rxf1+ 17. Qxf1 c6 18. Nc3 Qe5 19. Qf4 Be6 20. Qxe5 dxe5 21. b3 Rd8 22. Bg5 Rd3 23. Rc1 Nf6 24. Bxf6 gxf6 25. Rc2 Kf7 26. Kf2 Bg4 27. Na4 b6 28. Nb2 Rd4 29. Ke3 Bh5 30. Rd2 c5 31. Na4 Bg6 32. Nc3 h5 33. Rf2 Ke6 34. g3 a6 35. Rd2 h4 36. gxh4 b5 37. Rg2 bxc4 38. bxc4 Rxc4 39. Kd3 Rd4+ 40. Ke3 Bf7 41. a3 Rd8 42. Rb2 Ke7 43. Rb7+ Kf8 44. Rc7 c4 45. Nd5 f5 46. Nf6 f4+ 47. Kf2 Rd2+ 48. Ke1 Rg2 49. Nh7+ Kg8 50. Nf6+ Kg7 51. Nd7 Bh5 52. Nxe5+ Kf6 53. Nxc4 Re2+ 54. Kf1 Rxe4 55. Rc6+ Ke7 56. Nd2 Rd4 57. Nb3 Ra4 58. Nc5 Rc4 59. Re6+ Kf7 60. Re5 Rc1+ 61. Kf2 Rc2+ 62. Kf1 Bg4 63. Ne4 Rxh2 64. Nf2 Bd7 65. Rh5 f3 66. Rd5 Ke6 67. Rd4 a5 68. Rg4 Kd5 69. Rf4 Bb5+ 70. Ke1 Be2 71. Ra4 Kc6 72. Rxa5 Rxh4 73. Re5 Bb5 74. Re3 Rf4 75. Nd3 Bxd3 1/2-1/2

[Event "ESP-ch 88th"]
[Site "Marbella"]
[Date "2023.10.20"]
[Round "8"]
[White "Santos Martinez, Guillermo"]
[Black "Habans Aguerrea, Javier"]
[Result "0-1"]
[WhiteElo "2056"]
[BlackElo "2335"]
[PlyCount "114"]
[EventDate "2023.10.13"]
[EventType "swiss"]
[EventRounds "9"]
[EventCountry "ESP"]
[SourceTitle "Mega2024 Update 01"]
[Source "Chessbase"]
[SourceDate "2023.11.12"]
[SourceVersion "1"]
[SourceVersionDate "2023.11.12"]
[SourceQuality "1"]

1. d4 Nf6 2. c4 e6 3. Nf3 d5 4. cxd5 exd5 5. Nc3 Bb4 6. Bg5 h6 7. Bxf6 Qxf6 8. a3 Bxc3+ 9. bxc3 0-0 10. e3 c5 11. Be2 Nc6 12. 0-0 Rd8 13. dxc5 Qxc3 14. Qc1 Qf6 15. Rb1 Qe7 16. Rb2 Be6 17. Nd4 Rac8 18. Qb1 Rd7 19. Rc1 Nd8 20. Rbc2 Rdc7 21. c6 Nxc6 22. Nb5 Bf5 23. Nxc7 Rxc7 24. Bf3 Bxc2 25. Qxc2 Qxa3 26. Bxd5 Qd6 27. Bf3 g6 28. Rd1 Qe7 29. Bd5 Kg7 30. h3 Ne5 31. Qb2 Qf6 32. Qa1 b6 33. Rd4 Nd3 34. Qa2 Ne5 35. Qd2 Nd7 36. Kh2 Qe7 37. f4 Nf6 38. Bf3 Rd7 39. e4 Rxd4 40. Qxd4 Kg8 41. e5 Ne8 42. Qe4 Ng7 43. Be2 h5 44. Bc4 Kh7 45. Qd5 Qe6 46. Qe4 Qd7 47. Bd5 a5 48. g4 hxg4 49. hxg4 Qxg4 50. Bxf7 Nf5 51. e6 Qg3+ 52. Kh1 Qf2 53. Bxg6+ Kxg6 54. e7 Qh4+ 55. Kg1 Qxe7 56. Qc6+ Kh7 57. Qxb6 Qe3+ 0-1

[Event "EU-ch U16 31st"]
[Site "Mamaia"]
[Date "2023.09.13"]
[Round "8"]
[White "Habans Aguerrea, Javier"]
[Black "Nemec, Jachym"]
[Result "0-1"]
[WhiteElo "2362"]
[BlackElo "2332"]
[PlyCount "100"]
[EventDate "2023.09.05"]
[EventType "swiss"]
[EventRounds "9"]
[EventCountry "ROU"]
[SourceTitle "EXT 2024"]
[Source "ChessBase"]
[SourceDate "2023.10.10"]
[SourceVersion "1"]
[SourceVersionDate "2023.10.10"]
[SourceQuality "1"]

1. c4 e6 2. g3 d5 3. Bg2 Nf6 4. Nf3 d4 5. 0-0 c5 6. d3 Nc6 7. e3 Bd6 8. exd4 cxd4 9. Bg5 h6 10. Bxf6 Qxf6 11. Nbd2 Qe7 12. Re1 0-0 13. a3 a5 14. Nb3 Qf6 15. Nfd2 Bc7 16. Rc1 Rd8 17. c5 Qe7 18. Nc4 Bd7 19. Qh5 Be8 20. Nbd2 a4 21. f4 Ra6 22. Re2 Qf8 23. Rf1 f5 24. Qh4 Qxc5 25. Rxe6 Bf7 26. Re2 b5 27. Ne5 Nxe5 28. Rxe5 Qc2 29. Re7 Rf8 30. Re2 Qxd3 31. Ref2 Qe3 32. Nf3 d3 33. Kh1 Bd5 34. Qh3 Re6 35. Nh4 Be4 36. Bxe4 Qxe4+ 37. Nf3 Bb6 38. Rd2 Be3 39. Rdd1 Rc8 40. Qh4 Rd6 41. Qh3 Rc2 42. Qh5 Rxb2 43. Rde1 Re2 44. Rb1 d2 45. Rbd1 Bc5 46. Qh3 h5 47. Qh4 g6 48. Qg5 Kh7 49. Qh4 Kg7 50. Qh3 Rd3 0-1

[Event "ESP-ch U16 rapid"]
[Site "Salobrena"]
[Date "2023.07.30"]
[Round "6"]
[White "Habans Aguerrea, Javier"]
[Black "Valle Luis, Leo"]
[Result "0-1"]
[WhiteElo "2290"]
[BlackElo "2147"]
[PlyCount "90"]
[EventDate "2023.07.29"]
[EventType "swiss (rapid)"]
[EventRounds "9"]
[EventCountry "ESP"]
[SourceTitle "EXT 2024"]
[Source "ChessBase"]
[SourceDate "2023.10.10"]
[SourceVersion "1"]
[SourceVersionDate "2023.10.10"]
[SourceQuality "1"]

1. c4 c5 2. Nf3 Nc6 3. d4 cxd4 4. Nxd4 e6 5. Nc3 a6 6. g3 Nf6 7. Bg2 Bb4 8. 0-0 0-0 9. Nb3 Qc7 10. Bf4 e5 11. Bg5 Bxc3 12. bxc3 d6 13. c5 dxc5 14. Nxc5 Ne8 15. Qa4 h6 16. Be3 Nd6 17. Rfd1 b5 18. Qh4 Rb8 19. Bxh6 Nf5 20. Qe4 Nce7 21. Bxg7 Nxg7 22. Nd3 Ng6 23. Nb4 Bb7 24. Nd5 Bxd5 25. Rxd5 Qxc3 26. Rad1 Qc4 27. Qb1 Qxe2 28. h4 Qg4 29. Kh2 Rb6 30. Qb3 Rf6 31. R1d2 Ne6 32. Rd6 Kg7 33. Qa3 Rh8 34. Kg1 Qc4 35. Qxa6 Qc1+ 36. Rd1 Qc2 37. R1d2 Qc1+ 38. Rd1 Qc4 39. Bd5 Qg4 40. Bg2 Nxh4 41. gxh4 Nf4 42. Qc6 Nh3+ 43. Kh2 Qf4+ 44. Kh1 Nxf2+ 45. Kg1 Nxd1 0-1

[Event "ESP-ch U16 rapid"]
[Site "Salobrena"]
[Date "2023.07.29"]
[Round "1"]
[White "Lozano Hernanz, Rodrigo"]
[Black "Habans Aguerrea, Javier"]
[Result "0-1"]
[WhiteElo "1607"]
[BlackElo "2290"]
[PlyCount "44"]
[EventDate "2023.07.29"]
[EventType "swiss (rapid)"]
[EventRounds "9"]
[EventCountry "ESP"]
[SourceTitle "EXT 2024"]
[Source "ChessBase"]
[SourceDate "2023.10.10"]
[SourceVersion "1"]
[SourceVersionDate "2023.10.10"]
[SourceQuality "1"]

1. e4 c6 2. d4 d5 3. e5 c5 4. dxc5 e6 5. Be3 Nd7 6. Bb5 Ne7 7. c3 Nf5 8. Bd4 Qc7 9. Nf3 Bxc5 10. Nbd2 0-0 11. Nb3 Nxd4 12. cxd4 Bb4+ 13. Nfd2 f6 14. Qg4 fxe5 15. Qxe6+ Kh8 16. Qxd5 Nf6 17. Qc4 Qe7 18. 0-0 e4 19. Rae1 a6 20. Ba4 b5 21. Bxb5 axb5 22. Qxb5 Ba6 0-1

[Event "Wch U14"]
[Site "Mamaia"]
[Date "2022.09.16"]
[Round "11"]
[White "Morkunas, Gustas"]
[Black "Habans Aguerrea, Javier"]
[Result "1-0"]
[WhiteElo "2102"]
[BlackElo "2387"]
[PlyCount "119"]
[EventDate "2022.09.06"]
[EventType "swiss"]
[EventRounds "11"]
[EventCountry "ROU"]
[SourceTitle "CBM 210 Extra"]
[Source "ChessBase"]
[SourceDate "2022.11.30"]
[SourceVersion "1"]
[SourceVersionDate "2022.11.30"]
[SourceQuality "1"]

1. e4 c6 2. d4 d5 3. exd5 cxd5 4. Bd3 Nc6 5. c3 Qc7 6. h3 g6 7. Nf3 Bf5 8. Be2 Nf6 9. 0-0 Bg7 10. Re1 0-0 11. Be3 h6 12. Nbd2 g5 13. Bf1 e6 14. Nh2 Bg6 15. Rc1 Nd7 16. b4 f5 17. Nb3 f4 18. Bd2 Rae8 19. a4 a6 20. b5 axb5 21. axb5 Na5 22. Nxa5 Qxa5 23. c4 Qa3 24. Bc3 Nf6 25. Ba1 Ne4 26. Qd3 Ra8 27. Nf3 Bf5 28. cxd5 exd5 29. Ne5 Qd6 30. Qd1 Ra2 31. Re2 Rfa8 32. Nd3 b6 33. Rxa2 Rxa2 34. Qb3 Ra3 35. Qb2 Ra8 36. Nb4 Ra4 37. Nc6 Bd7 38. Qb3 Ra3 39. Qxd5+ Qxd5 40. Ne7+ Kf8 41. Nxd5 Nd2 42. Nxb6 Be6 43. Bc3 Ra2 44. Bb4+ Kf7 45. d5 Bf5 46. Bc4 Rb2 47. d6+ Nxc4 48. Rxc4 Rb1+ 49. Kh2 Rd1 50. Rc7+ Kg6 51. Bc3 Bf8 52. Be5 f3 53. gxf3 Rd2 54. Kg2 Bd3 55. Nd7 Bxd6 56. Bxd6 Bxb5 57. Ne5+ Kh5 58. Bf8 Rd8 59. Rc5 Rb8 60. Ng4 1-0

[Event "Wch U14"]
[Site "Mamaia"]
[Date "2022.09.09"]
[Round "4"]
[White "Habans Aguerrea, Javier"]
[Black "Cnejev, Vladimir Alexandru"]
[Result "0-1"]
[WhiteElo "2387"]
[BlackElo "2198"]
[PlyCount "78"]
[EventDate "2022.09.06"]
[EventType "swiss"]
[EventRounds "11"]
[EventCountry "ROU"]
[SourceTitle "CBM 210 Extra"]
[Source "ChessBase"]
[SourceDate "2022.11.30"]
[SourceVersion "1"]
[SourceVersionDate "2022.11.30"]
[SourceQuality "1"]

1. d4 d5 2. c4 e6 3. Nf3 Nf6 4. g3 Be7 5. Bg2 0-0 6. Qc2 c6 7. 0-0 b6 8. Ne5 Nfd7 9. Nd3 Bb7 10. Rd1 Na6 11. Bf4 Rc8 12. cxd5 cxd5 13. Qa4 Rc4 14. Qb3 Rxd4 15. Nd2 Nac5 16. Nxc5 Nxc5 17. Qc2 Bf6 18. a3 Qe7 19. Rac1 Rc8 20. b4 Nd7 21. Qb3 Rxc1 22. Rxc1 Ne5 23. Nf3 Rc4 24. Rd1 Nxf3+ 25. Bxf3 Rc3 26. Qa4 Bc6 27. b5 Be8 28. Rd3 Rxd3 29. exd3 Bb2 30. Qa6 Qxa3 31. Qc8 Qe7 32. Qa8 h6 33. Be3 Kh7 34. d4 Bxb5 35. h4 Bd3 36. h5 a5 37. g4 Qf6 38. Kg2 Bxd4 39. Bc1 Qh4 0-1

[Event "Wch U14"]
[Site "Mamaia"]
[Date "2022.09.07"]
[Round "2"]
[White "Habans Aguerrea, Javier"]
[Black "Arsenie, Cristian Marc"]
[Result "1-0"]
[WhiteElo "2387"]
[BlackElo "1998"]
[PlyCount "59"]
[EventDate "2022.09.06"]
[EventType "swiss"]
[EventRounds "11"]
[EventCountry "ROU"]
[SourceTitle "CBM 210 Extra"]
[Source "ChessBase"]
[SourceDate "2022.11.30"]
[SourceVersion "1"]
[SourceVersionDate "2022.11.30"]
[SourceQuality "1"]

1. d4 Nf6 2. Nf3 d5 3. c4 e6 4. g3 Bb4+ 5. Bd2 Be7 6. Bg2 0-0 7. 0-0 Nbd7 8. Qc2 c6 9. Bf4 b6 10. cxd5 cxd5 11. Bc7 Qe8 12. Nc3 Ba6 13. Bf4 b5 14. a4 Qc8 15. Rfc1 Qb7 16. axb5 Bxb5 17. Nxb5 Qxb5 18. e3 Qb7 19. Qc7 Qxb2 20. Ne5 Rac8 21. Qxc8 Rxc8 22. Rc4 Rc7 23. Rxc7 Nf8 24. Rc8 Bb4 25. Rxa7 h6 26. Bf3 N6h7 27. h4 f6 28. h5 fxe5 29. Rcc7 Kh8 30. Rxg7 1-0

[Event "Mirandela op 3rd"]
[Site "Mirandela"]
[Date "2022.08.22"]
[Round "8"]
[White "Pijpers, Arthur"]
[Black "Habans Aguerrea, Javier"]
[Result "1-0"]
[WhiteElo "2463"]
[BlackElo "2359"]
[PlyCount "107"]
[EventDate "2022.08.17"]
[EventType "swiss"]
[EventRounds "9"]
[EventCountry "POR"]
[SourceTitle "CBM 209 Extra"]
[Source "ChessBase"]
[SourceDate "2022.09.30"]
[SourceVersion "1"]
[SourceVersionDate "2022.09.30"]
[SourceQuality "1"]

1. e4 c6 2. d4 d5 3. e5 c5 4. dxc5 e6 5. c3 Bxc5 6. Qg4 Ne7 7. b4 Bb6 8. Qxg7 Rg8 9. Qxh7 a5 10. bxa5 Rxa5 11. Nf3 Nbc6 12. Bg5 Qc7 13. Be2 d4 14. 0-0 Rxg5 15. Nxg5 Qxe5 16. Ne4 dxc3 17. Nbxc3 f5 18. Ng5 Qxc3 19. Qf7+ Kd8 20. Rac1 Qa3 21. Nxe6+ Bxe6 22. Qxe6 Rd5 23. Bf3 Rd6 24. Qf7 Rd7 25. h4 Kc7 26. h5 Qd6 27. Rfd1 Bd4 28. Rc2 Kb8 29. Rcd2 Rd8 30. Bxc6 Nxc6 31. Qxf5 Qb4 32. h6 Ka8 33. h7 Rh8 34. Rxd4 Nxd4 35. Qe4 Nc6 36. Qxb4 Nxb4 37. Rd7 Nc6 38. g4 Ka7 39. f4 Nd4 40. Rxd4 Rxh7 41. g5 Kb6 42. g6 Rh4 43. Kf2 Kc5 44. Kf3 Kxd4 45. g7 Rh3+ 46. Kg2 Rh4 47. g8Q Rxf4 48. Qd8+ Kc3 49. Qc7+ Rc4 50. Qxb7 Rb4 51. Qc6+ Rc4 52. Qb5 Rb4 53. Qa5 Kc4 54. Kf3 1-0

[Event "Mirandela op 3rd"]
[Site "Mirandela"]
[Date "2022.08.18"]
[Round "3"]
[White "Quesada Perez, Yasser"]
[Black "Habans Aguerrea, Javier"]
[Result "1-0"]
[WhiteElo "2574"]
[BlackElo "2359"]
[PlyCount "157"]
[EventDate "2022.08.17"]
[EventType "swiss"]
[EventRounds "9"]
[EventCountry "POR"]
[SourceTitle "CBM 209 Extra"]
[Source "ChessBase"]
[SourceDate "2022.09.30"]
[SourceVersion "1"]
[SourceVersionDate "2022.09.30"]
[SourceQuality "1"]

1. e4 c6 2. d4 d5 3. e5 c5 4. dxc5 e6 5. a3 Bxc5 6. b4 Be7 7. Nf3 f6 8. Bb2 Nd7 9. c4 Nxe5 10. Nxe5 fxe5 11. cxd5 Nf6 12. Bxe5 exd5 13. Bb5+ Bd7 14. Nc3 0-0 15. 0-0 Bxb5 16. Nxb5 Qd7 17. Nd4 Bd6 18. Bxd6 Qxd6 19. Re1 Rae8 20. f3 Qb6 21. Qd2 h6 22. a4 Rxe1+ 23. Rxe1 Re8 24. Rxe8+ Nxe8 25. a5 Qd8 26. Nf5 Qd7 27. g4 a6 28. Qd4 Nc7 29. Qe5 Ne6 30. Kf2 d4 31. Qb8+ Kh7 32. Qd6 Qc8 33. Nxd4 Nxd4 34. Qxd4 Qc7 35. Kg2 Kh8 36. h4 Qc2+ 37. Kg3 Qc7+ 38. Qf4 Qe7 39. Qe4 Qd6+ 40. Kh3 Qd7 41. h5 Qf7 42. f4 Qc7 43. g5 hxg5 44. fxg5 Qc3+ 45. Kh4 Qc8 46. Qd4 Kg8 47. g6 Qb8 48. Qd5+ Kh8 49. Kg4 Qc8+ 50. Kf4 Qf8+ 51. Ke3 Qe7+ 52. Kd3 Qc7 53. Qd4 Qg3+ 54. Kc4 Qc7+ 55. Kb3 Qc8 56. Qc3 Qe8 57. Ka3 Qe6 58. Qf3 Qc8 59. Qe3 Qf8 60. Qe5 Qf3+ 61. Kb2 Qg2+ 62. Kc3 Qc6+ 63. Kd4 Qd7+ 64. Qd5 Qc8 65. Qd6 Qe8 66. Qc7 Qf8 67. Ke3 Qe8+ 68. Kd3 Qf8 69. Kc4 Qf1+ 70. Kd5 Qf8 71. Ke6 Qe8+ 72. Kd6 Qf8+ 73. Kd7 Qf5+ 74. Ke7 Qf6+ 75. Ke8 Qe6+ 76. Kd8 Qg8+ 77. Ke7 b5 78. axb6 a5 79. b7 1-0

[Event "ESP-ch U18 Rapid"]
[Site "Salobrena"]
[Date "2022.08.06"]
[Round "3"]
[White "Habans Aguerrea, Javier"]
[Black "Ingunza Curro, Andres"]
[Result "1-0"]
[WhiteElo "1768"]
[BlackElo "2041"]
[PlyCount "113"]
[EventDate "2022.08.06"]
[EventType "swiss (rapid)"]
[EventRounds "9"]
[EventCountry "ESP"]
[SourceTitle "EXT 2023"]
[Source "ChessBase"]
[SourceDate "2022.10.05"]
[SourceVersion "1"]
[SourceVersionDate "2022.10.05"]
[SourceQuality "1"]

1. d4 d5 2. c4 e6 3. Nf3 Nf6 4. g3 Be7 5. Bg2 0-0 6. Qc2 c5 7. dxc5 Bxc5 8. cxd5 Bb4+ 9. Nc3 Nxd5 10. 0-0 Nxc3 11. bxc3 Be7 12. Rd1 Qa5 13. Nd4 Bf6 14. Rb1 Na6 15. Be3 e5 16. Nb5 Be6 17. Nd6 Rab8 18. Nxb7 Qxa2 19. Qxa2 Bxa2 20. Ra1 Bc4 21. Nd6 Bxe2 22. Rd2 Rfd8 23. Bxa7 Rb3 24. Be3 Nc7 25. c4 Bg4 26. h3 Be6 27. Ra7 Ne8 28. c5 Rc3 29. Ne4 Rc1+ 30. Kh2 Rc8 31. Nd6 Rd8 32. c6 Nxd6 33. Rxd6 Rxd6 34. Bxc1 Rd8 35. c7 Rc8 36. Bb7 Re8 37. Ba3 e4 38. Bd6 h5 39. Ra8 Rxa8 40. Bxa8 e3 41. fxe3 Bc8 42. h4 Bc3 43. Bg2 f5 44. e4 g6 45. e5 Kf7 46. Bd5+ Ke8 47. Kg2 Kd7 48. Bf7 Ba5 49. Bxg6 Bxc7 50. Bxf5+ Kd8 51. Bxc7+ Kxc7 52. Bxc8 Kxc8 53. g4 Kd7 54. g5 Ke6 55. g6 Ke7 56. Kf3 Ke6 57. Kf4 1-0